Vista normal Vista MARC

Entrada Topical Term

Número de registros utilizados en: 4

001 - CONTROL NUMBER

  • control field: 11562

003 - CONTROL NUMBER IDENTIFIER

  • control field: OSt

005 - DATE AND TIME OF LATEST TRANSACTION

  • control field: 20201015121733.0

008 - FIXED-LENGTH DATA ELEMENTS

  • fixed length control field: 201015|| aca||aabn | a|a d

040 ## - CATALOGING SOURCE

  • Original cataloging agency: OSt
  • Transcribing agency: OSt

150 ## - HEADING--TOPICAL TERM

  • Topical term or geographic name entry element: Conducta (Ética)

670 ## - SOURCE DATA FOUND

  • Source citation: Work cat.: (OSt): Ingenieros, José, autor 1588, El hombre mediocre / , ©1993